The memory of the modern
Αποθηκεύτηκε σε:
| Κύριος συγγραφέας: | |
|---|---|
| Μορφή: | Βιβλίο |
| Γλώσσα: | English |
| Δημοσίευση: |
New York :
Oxford University Press,
1996.
|
| Θέματα: | |
| Ετικέτες: |
Προσθήκη ετικέτας
Δεν υπάρχουν, Καταχωρήστε ετικέτα πρώτοι!
|
MARC
| LEADER | 00000cam a2200000 a 4500 | ||
|---|---|---|---|
| 001 | 1/109607 | ||
| 008 | 160118s1996####nvu| ||| |||||||eng|| | ||
| 020 | |a 0195093658 | ||
| 040 | |a GR-MyUa |b gre |c GR-MyUa |e AACR2 | ||
| 041 | 0 | |a eng | |
| 082 | 7 | |a 944.081 |2 (23) | |
| 100 | 1 | |a Matsuda, Matt K. | |
| 245 | 1 | 4 | |a The memory of the modern / |c Matt K. Matsuda. |
| 260 | |a New York : |b Oxford University Press, |c 1996. | ||
| 300 | |a vi, 255 σ. ; |c 25 εκ. | ||
| 504 | |a Περιλαμβάνει βιβλιογραφία (σ. 209-241) και ευρετήριο. | ||
| 650 | 0 | |a Memory |x History. | |
| 650 | 0 | |a Technology |x Social aspects. | |
| 651 | 0 | |a France |x History |y Third republic, 1870-1940. | |
| 852 | |a INST |b LESVOS |e 20160118 |h 944.081 MAT |p 005100057794 |q 005100057794 |t BK |y 0 | ||
| 970 | |a Τζαφέρη |b Ευαγγελία |z 18-01-2016 | ||